Oriental dictionaries; (Record no. 82597)

MARC details
000 -LEADER
fixed length control field 00707cam a22002291 4500
001 - CONTROL NUMBER
control field sa 68008828
003 - CONTROL NUMBER IDENTIFIER
control field DLC
005 - DATE AND TIME OF LATEST TRANSACTION
control field 20260227112537.0
008 - FIXED-LENGTH DATA ELEMENTS--GENERAL INFORMATION
fixed length control field 780224s1967 pk bd 000 0 eng
010 ## - LIBRARY OF CONGRESS CONTROL NUMBER
LC control number sa 68008828
035 ## - SYSTEM CONTROL NUMBER
System control number (OCoLC)3666242
040 ## - CATALOGING SOURCE
Original cataloging agency DLC
Transcribing agency TNJ
Modifying agency DLC
042 ## - AUTHENTICATION CODE
Authentication code premarc
050 00 - LIBRARY OF CONGRESS CALL NUMBER
Classification number Z7004.D5
Item number W3
082 ## - DEWEY DECIMAL CLASSIFICATION NUMBER
Classification number 016.491/03
100 1# - MAIN ENTRY--PERSONAL NAME
Personal name Wajid, Mohammad.
245 10 - TITLE STATEMENT
Title Oriental dictionaries;
Remainder of title a select bibliography,
Statement of responsibility, etc. compiled and annotated by Mohammad Wajid.
260 ## - PUBLICATION, DISTRIBUTION, ETC.
Place of publication, distribution, etc. Karachi,
Name of publisher, distributor, etc. Library Promotion Bureau,
Date of publication, distribution, etc. 1967.
300 ## - PHYSICAL DESCRIPTION
Extent xii, 54 p.
Dimensions 21 cm.
440 #0 - SERIES STATEMENT/ADDED ENTRY--TITLE
Title Library Promotion Bureau. Publication,
Volume/sequential designation no. 2
650 #0 - SUBJECT ADDED ENTRY--TOPICAL TERM
Topical term or geographic name entry element Oriental languages
General subdivision Dictionaries
Form subdivision Bibliography.

No items available.

Powered by Koha